00302nam a2200097Ia 45000010005000000080041000050820014000461000032000602450096000922600016001883303241024s9999 xx 000 0 und d a370/M665f aMinistry of Foreign Affairs 0aJapan'S Official Development Assistance White Paper 2012. Japan'S International Cooperation bJaponc2013